000 00945pam a2200289 a 4500
001 621
005 20250808143519.0
020 _a0060097922 (pbk.)
020 _a9780439639248
040 _aDLC
_cDLC
_dDLC
_dFISKH
_beng
050 0 0 _aPZ7.B81422
_bIn 2003
082 0 0 _a[Fic]
_220
100 1 _aBrown, Jeff,
_d1926-2003
245 1 0 _aInvisible Stanley /
_cby Jeff Brown ; pictures by Scott Nash.
250 _aNewly illustrated Harper Trophy ed.
260 _aNew York :
_bScholastic,
_c2009.
300 _a87 pages :
_billustrations ;
_c19 cm.
505 _aH
520 _aOne morning after a thunderstorm, the Lambchop family is surprised to discover that Stanley is suddenly invisible.
521 _a520
_bLexile
521 _aH
_bRaz-Plus
650 1 _aBrothers
_vFiction.
650 1 _aHumorous stories.
700 1 _aNash, Scott,
_d1959-
_eillustrator
906 _a7
_bcbc
_corignew
_d1
_eocip
_f19
_gy-gencatlg
942 _2lcc
_cBK
_n0
999 _c621
_d621